| 000 | 00478nam a22001817a 4500 | ||
|---|---|---|---|
| 003 | NUST | ||
| 020 | _a9788120344051 | ||
| 038 | _akhadija | ||
| 082 | _a629.83 BHA | ||
| 100 |
_aBhagade, Sudheer S _984476 |
||
| 245 |
_aProcess Dynamics and Control / _cSudheer S. Bhagade |
||
| 260 |
_aNEW DELHI _bPHI LEARNING _c2011 |
||
| 300 | _aXI, 328P | ||
| 563 | _aPB | ||
| 650 |
_aPROCESS DYNAMICS.PROCESS CONTROL. _984477 |
||
| 700 |
_aNAGESHWAR, GOVIND DAS _984478 |
||
| 942 |
_cBK _2ddc |
||
| 999 |
_c33166 _d33166 |
||